000 00942nas a2200385 4500
001 BR9001345
003 BR-BrBNA
005 20231205091837.0
007 ta
008 230509b bl.|||p| |||| 00| 00por d
040 _aBR-BrBNA
_bpor
_cBiblioteca Nacional de Agricultura
041 _a(Pt)
072 _aM12
100 1 _aCoelho, S.
245 1 _aCurral aquatico
650 _aCARPA
650 _aTAMBAQUI
650 _aPACU
650 _aPIRARUCU
650 _aTUCUNARE
650 _aTRUTA
650 _aTRAIRA
650 _aTILAPIA
650 _aCURIMATA
650 _aACARA-ACU
650 _aMATRINXA
650 _aPESCADA DO PIAUI
650 _aPIRAPITINGA
650 _aPISCICULTURA
650 _aAGUA DOCE
650 _aNUTRICAO ANIMAL
773 0 _tGlobo Rural (Brazil)
_xISSN 0102-6178
_g(Dec 1989), v. 5(50) p. 50-62
_wBR9001345
909 _a202311
_bLúcia
_c55
_dLúcia Elande
942 _2AGRIS
_n0
_cANA
999 _c127696
_d127696